Labour market active policy and flexible forms of emplyment in Slovakia, Czech Republic and Finland

Flexibilné formy zamestnávania a aktívna politika trhu práce. Nové priority trhu práce. Flexibilné formy zamestnávania v EÚ - telepráca, práca na čiastočný úväzok, zdieľanie práce, flexibilný pracovný čas, zamestnanie na dobu určitú, zamestnanosť cez agentúry.

Salvato in:
Dettagli Bibliografici
Autore principale: Koňušíková, Ľubica
Natura: Capitolo di libro
Lingua:inglese
Soggetti:
Tags: Aggiungi Tag
Nessun Tag, puoi essere il primo ad aggiungerne!!

MARC

LEADER 00000nla a2200000 4500
001 0200167
005 20240417075056.8
041 0 |a eng 
044 |a CZ 
245 1 0 |a Labour market active policy and flexible forms of emplyment in Slovakia, Czech Republic and Finland  |c Ľubica Koňušíková 
520 |a Flexibilné formy zamestnávania a aktívna politika trhu práce. Nové priority trhu práce. Flexibilné formy zamestnávania v EÚ - telepráca, práca na čiastočný úväzok, zdieľanie práce, flexibilný pracovný čas, zamestnanie na dobu určitú, zamestnanosť cez agentúry. 
610 2 0 |a trh práce 
610 2 0 |a politika 
610 2 0 |a nezamestnanosť 
610 2 0 |a Slovensko 
610 2 0 |a Česko 
610 2 0 |a Fínsko 
100 1 |a Koňušíková, Ľubica